00524nam a22001817a 450000500170000001000280001702000260004503500170007103500140008803700170010203700130011908200120013210000150014424500590015926000420021827000600026030000220032020171205160942.0 aB-505447-453 ENG-121430 c125.00a9788182110002 aB-505447-453 aEN-104962 bKKP/Venadpl bDBAD/PUB a480.141 aAnil Kumar aSpoken English:cby Anil Kumarblearn to say it right/ aNew DelhibThe Readers Paradisec2012 a103, 4787/23 Ansari Road, Darya GanjbNew Delhie1100021 a212p.c21cm (pbk)